Jimmy Stewart Movies Quiz Stats

 Plays Quiz Updated Feb 26, 2020

Support Sporcle.
Go Orange.
Score 0/81 Timer 09:00
0 Plays Today
Year Movie % Correct
1946It's a Wonderful Life
91.5%
1939Mr. Smith Goes to Washington
74.9%
1954Rear Window
74.1%
1958Vertigo
71.7%
1950Harvey
66.4%
1940The Philadelphia Story
58.3%
1953The Glenn Miller Story
49.5%
1962The Man Who Shot Liberty Valance
45.8%
1948Rope
44.6%
1956The Man Who Knew Too Much
43.1%
1957The Spirit of St. Louis
38.5%
1939Destry Rides Again
37.7%
1952The Greatest Show on Earth
37.6%
1938You Can't Take It with You
31.1%
1962How the West Was Won
30.8%
1959Anatomy of a Murder
30.2%
1976The Shootist
29.4%
1950Winchester '73
29.2%
1940The Shop Around the Corner
28.9%
1991An American Tail: Fievel Goes West
26.3%
1965Shenandoah
24.8%
1949The Stratton Story
24.2%
1962Mr. Hobbs Takes a Vacation
21.7%
1965The Flight of the Phoenix
20.4%
1950Broken Arrow
20.4%
1958Bell Book and Candle
20.1%
1970The Cheyenne Social Club
19.9%
Year Movie % Correct
1936After the Thin Man
19.7%
1955Strategic Air Command
19.6%
1959The FBI Story
19.5%
1955The Man from Laramie
18.7%
1964Cheyenne Autumn
18.3%
1953The Naked Spur
18%
1948Call Northside 777
17.6%
1977Airport '77
17.2%
1952Bend of the River
17.1%
1978The Big Sleep
17.1%
1939It's a Wonderful World
16.7%
1966The Rare Breed
15.6%
1954The Far Country
15.5%
1961Two Rode Together
14.9%
1940The Mortal Storm
14.8%
1968Firecreek
14.6%
1963Take Her, She's Mine
14.5%
1968Bandolero!
14.2%
1965Dear Brigitte
13.9%
1941Pot o' Gold
13.6%
1935The Murder Man
13.5%
1936Rose-Marie
13.2%
1939Made for Each Other
13.1%
1936Wife vs. Secretary
13%
1952Carbine Williams
12.9%
1941Ziegfeld Girl
12.8%
1953Thunder Bay
12.8%
Year Movie % Correct
1957Night Passage
12.8%
1951No Highway
12.7%
1937Navy Blue and Gold
12.5%
1938Vivacious Lady
12.5%
1936Born to Dance
12.4%
1978The Magic of Lassie
12.1%
1947Magic Town
12.1%
1938The Shopworn Angel
12.1%
1936Speed
11.8%
1936The Gorgeous Hussy
11.8%
1939The Ice Follies of 1939
11.5%
1971Fools' Parade
11.4%
1949Malaya
11.2%
1937Seventh Heaven
11.2%
1940No Time for Comedy
11%
1936Small Town Girl
10.9%
1936Next Time We Love
10.8%
1938Of Human Hearts
10.8%
1941Come Live with Me
10.7%
1950The Jackpot
10.7%
1960The Mountain Road
10.7%
1937The Last Gangster
10.6%
1948You Gotta Stay Happy
10.3%
1980A Tale of Africa
10.3%
1948On Our Merry Way
10.3%
1961X-15
10.1%
1954Tomorrow's Drivers
8.5%

From the Vault

South Park Fill-in-the-Blank

by grapefruitking

We'll let you fill in the bleeps on your own.
Remove Ads.
Support Sporcle.
Get the best of Sporcle when you Go Orange. This ad-free experience offers more features, more stats, and more fun while also helping to support Sporcle. Thank you for becoming a member.

Show Comments

Extras

Top Quizzes Today


Score Distribution

Your Account Isn't Verified!

In order to create a playlist on Sporcle, you need to verify the email address you used during registration. Go to your Sporcle Settings to finish the process.

Report this User

Report this user for behavior that violates our Community Guidelines.

Details: